SUCCESSFUL COLLEGE WRITING (Record no. 216470)
[ view plain ]
| 000 -LEADER | |
|---|---|
| fixed length control field | 00450nam a22001697a 4500 |
| 008 - FIXED-LENGTH DATA ELEMENTS--GENERAL INFORMATION | |
| fixed length control field | 260116b |||||||| |||| 00| 0 eng d |
| 020 ## - INTERNATIONAL STANDARD BOOK NUMBER | |
| International Standard Book Number | 978-0312-53280-6 |
| 050 ## - LIBRARY OF CONGRESS CALL NUMBER | |
| Classification number | PE 1408 .M318 2009 |
| 100 ## - MAIN ENTRY--PERSONAL NAME | |
| Personal name | McWHORTER, KATHLEEN T. |
| 245 ## - TITLE STATEMENT | |
| Title | SUCCESSFUL COLLEGE WRITING |
| 250 ## - EDITION STATEMENT | |
| Edition statement | 4TH |
| 260 ## - PUBLICATION, DISTRIBUTION, ETC. | |
| Place of publication, distribution, etc. | BOSTON |
| Name of publisher, distributor, etc. | BEDFORD |
| Date of publication, distribution, etc. | 2009 |
| 300 ## - PHYSICAL DESCRIPTION | |
| Extent | LI,869P. |
| 500 ## - GENERAL NOTE | |
| General note | INCLUDES ACKNOWLEDGEMENTS AND INDEXES |
| 942 ## - ADDED ENTRY ELEMENTS (KOHA) | |
| Source of classification or shelving scheme | Library of Congress Classification |
| Koha item type | Long Loan Book |
No items available.